Hàm biến phức
TO104 Hàm một biến phức
Wedi'i Gadw mewn:
| Prif Awdur: | |
|---|---|
| Awduron Eraill: | |
| Fformat: | Llyfr |
| Iaith: | Undetermined |
| Cyhoeddwyd: |
H.
Đại học Quốc gia Hà Nội
2009
|
| Pynciau: | |
| Mynediad Ar-lein: | http://lrc.tdmu.edu.vn/opac/search/detail.asp?aID=2&ID=3428 |
| Tagiau: |
Ychwanegu Tag
Dim Tagiau, Byddwch y cyntaf i dagio'r cofnod hwn!
|
| Thư viện lưu trữ: | Trung tâm Học liệu Trường Đại học Thủ Dầu Một |
|---|
| LEADER | 00707nam a2200217Ia 4500 | ||
|---|---|---|---|
| 001 | TDMU_3428 | ||
| 008 | 210410s9999 xx 000 0 und d | ||
| 082 | |a 515.01 | ||
| 090 | |b N4994 | ||
| 100 | |a Nguyễn, Văn Khuê | ||
| 245 | 0 | |a Hàm biến phức | |
| 245 | 0 | |c Nguyễn Văn Khuê, Lê Mậu Hải | |
| 260 | |a H. | ||
| 260 | |b Đại học Quốc gia Hà Nội | ||
| 260 | |c 2009 | ||
| 300 | |a 324tr. | ||
| 520 | |a TO104 Hàm một biến phức | ||
| 650 | |a Hàm phức; Toán học | ||
| 700 | |a Lê, Mậu Hải | ||
| 856 | |u http://lrc.tdmu.edu.vn/opac/search/detail.asp?aID=2&ID=3428 | ||
| 980 | |a Trung tâm Học liệu Trường Đại học Thủ Dầu Một | ||